La capacitación docente en la transformación educativa.

Reportaje a Olga Faucher, Graciela Frigerio y Graciela Lombardi sobre la capacitación docente. Ley federal de educación: expectativas y dificultades. Gestión institucional. Autocapacitación.

Guardado en:
Formato: Deslizar
Series:Sacapuntas
Materias:
Etiquetas: Agregar Etiqueta
Sin Etiquetas, Sea el primero en etiquetar este registro!
LEADER 01022ngm a22002655g 4500
001 CEM.cems022132
008 130507b1995##################0###0#####d
005 20241007144305.0
245 0 0 |a La capacitación docente en la transformación educativa. 
300 |a 55'. 
490 0 |a Sacapuntas 
500 |a En soporte VHS, consultar en ventanilla. 
520 |a Reportaje a Olga Faucher, Graciela Frigerio y Graciela Lombardi sobre la capacitación docente. Ley federal de educación: expectativas y dificultades. Gestión institucional. Autocapacitación. 
538 |a Soporte: VHS - Norma: Pal N - Color - Grabación DRD 1995 - Hitachi=2500 
082 3 7 |/ LFE-2 
653 |a EDUCACION 
653 |a LEY FEDERAL DE EDUCACION 
653 |a CAPACITACION DOCENTE 
653 |a TRANSFORMACION EDUCATIVA 
653 |a AUTOCAPACITACION 
653 |a LOMBARDI G. 
653 |a FAUCHER O. 
653 |a FRIGERIO G. 
653 |a NIVEL SECUNDARIO 
859 |a CEMS  |b BIB. CEMS - Depto. Recursos Didacticos  |h 370  |i LFE-2  |k DRD  |p 775.12  |t Ej.1